000 00645nam a2200205 4500
001 116170
003 ES-MaACL
005 20230906190842.0
007 t|
008 061121s1973 sp r ||||1| spa d
100 1 _aPastor de Togneri, Reyna.
_989502
245 1 0 _aConflictos sociales y estancamiento económico en la España medieval /
_cReyna Pastor de Togner.
260 _aBarcelona [etc.] :
_bAriel,
_c1973.
300 _a268 p. ;
_c18 cm.
490 1 _aAriel quincenal ;
_v86
830 0 _aAriel quincenal ;
_v86
_9180806
852 _aES-MaACL
_jC-56670
_bR.89398
852 _aES-MaACL
_jA-8768
_bR.98131
999 _c116170
_d116170